| 000 | 00390 a2200121 4500 | ||
|---|---|---|---|
| 001 | ART_49444 | ||
| 005 | 20260410161631.0 | ||
| 008 | 260409a | ||
| 245 | 1 | 0 | _aTratamiento del método de impuesto diferido en estados contables reexpresados por la RT 6 |
| 100 | 1 | _aPetti, Ana María | |
| 700 | 1 | _aLanza, Heraclio Juan | |
| 773 | 0 |
_tEnfoques _g- N°7 (jul. 2019) _wREV416 |
|
| 999 |
_c12480 _d12480 |
||